1780 1118 1256 1982 1754 1642 1933 1445 1283 1695 1013 1309 1935 1741 1162 1648 1777 1854 1160 1546 1729 1823 1873 1166 1302 1678 1361 1790 1394 1849 1946 1498 1262 1754 1187 1337 1487 1577 1427 1515 1604 1045 1181 1262 1366 1131 1606 1032 1982 1292 1085 1083 1790 1932 1404 1947 1640 1974 1827 1396 1345 1504 1156 1821 1322 1305 1743 1980 1050 1749 1357 1462 1687 1819 1672 1706 1741 1970 1747 1034 1904 1477 1730 1178 1368 1234 1622 1723 1132 1822 1756 1821 1738 1394 1580 1554 1770 1129 1488 BCNSPRNW ULIB Ver.6.0+V

เปลี่ยนเป็นภาษาไทย

Change to English
 แสดงรายละเอียดบรรณานุกรม
  กลับหน้าหลัก

Brief Record : Get Marc (ISO 2709) : E-mail record : QR code < ปิดหน้าต่าง
LEADER : 00000nam 2200000uu 4500
001    13399121021
003     ULIB
008    121030s2548||||th 000 0 tha d
020    ^a9789749297964
020    ^a9749297962
040    ^abic
050  4 ^aHF62.5^bว634ร
100 0  ^aวิบูลย์ จุง
245 10 ^aรับมือกับงาน จัดการกับคน /^cวิบูลย์ จุง
250    ^aพิมพ์ครั้งที่ 2
260    ^aกรุงเทพฯ :^bbrain infinlty,^c2548
300    ^a159 หน้า :^bภาพประกอบ ;^c22 ซม.
650  4 ^aการบริหารงานบุคคล
945    ^p125^l0^i15206
995    ^aทศพร
999    ^aทศพร เกษรทอง
รายการนี้ยังไม่มีแท็ก
คุณยังไม่ได้ล็อกอิน คุณสามารถมีกิจกรรมร่วมกับเว็บไซต์ได้ แต่ต้องล็อกอินก่อน ::
  ล็อกอิน

รายการสื่อสารสนเทศ

ลำดับที่ ประเภท เลขเรียก/บาร์โค้ด สถานที่ สถานะ
1. วิทยาศาสตร์การแพทย์ และสุขภาพ
วิทยาศาสตร์การแพทย์ และสุขภาพ
HF62.5 ว634ร ฉ.1 
  Barcode: 15206
ห้องสมุดวิทยาเขตสวรรค์ประชารักษ์
►หนังสือทั่วไป
บนชั้น

รายการใกล้เคียง
    ผู้แต่ง [วิบูลย์ จุง]

    หัวเรื่อง [การบริหารงานบุคคล]

BibComment


ยังไม่เคยถูกคอมเมนท์

คอมเมนท์ทรัพยากรรายการนี้
  คอมเมนท์: รับมือกับงาน จัด..


 Copyright 2026. Bcnsprnw @Library